000 00308nam a2200133Ia 4500
008 231129s1984||||xx |||||||||||||| ||spa||
040 _bspa
082 _aR 952.01 N882j
100 _aNorton Leonard Jonathan
245 0 _aJapon antiguo
260 _c1984
264 _aTime-Life Books
942 _2ddc
_cBKS
999 _c16075
_d16075